| 000 | 00850nam a2200205 a 4500 | ||
|---|---|---|---|
| 005 | 20140311163020.0 | ||
| 008 | 121029s19uu xx 00 eng d | ||
| 020 | _a9780631220916 | ||
| 050 |
_aPR 71 _b.G76 2011 |
||
| 100 | _aGrossman, Marshall | ||
| 245 |
_aThe seventeenth-century literature handbook / _cMarshall Grossman. |
||
| 260 |
_aOxford, UK : _bWiley-Blackwell, _c2011. |
||
| 300 |
_axxii, 406 p. : _bill. ; _c23 cm. |
||
| 440 | _aBlackwell literature handbooks | ||
| 500 | _aIncludes index | ||
| 520 | _aThe Seventeenth Century Handbook provides the undergraduate with a succinct account of the century's events, along with an exploration of the ways the literature reflected and helped shape the history of the time | ||
| 650 |
_aEnglish literature _x17th century _xHistory and criticism |
||
| 942 |
_cBK _2lcc _kFOR |
||
| 999 |
_c39460 _d39460 |
||